00741nam a22002057a 450000500170000001000140001702000370003103500130006803700090008108200100009024500730010026000400017327000680021330000300028149000060031170000210031794200240033899900190036295201540038120241209111732.0 a B-761427 a9788181534824 (Pt.3)c290.00  aB-761427 bGift a507.8 aRainbow 101 Science Projects -3/ cedited and compiled by Aakanksha aDelhi bRainbow Books c2019(repr.) aF-32, Street No.12, Parwana Road, Jagat Puri, b Delhi e110051 a112p.c25cm(Hb)bcol.ill. v2 aAakanksha955845 2ddccCHmRAIh507.8 c207486d207486 001040708NFICaLbLd2024-12-09eGift/9.12.24g290.00l1m2oRAI 507.8pB-761427r2026-01-31 00:00:00s2026-01-03t1v290.00w2024-12-09yCHzGift